| 000 | 00777nam a2200265 a 4500 | ||
|---|---|---|---|
| 005 | 20140310183430.0 | ||
| 008 | 080107s19uu xx 00 eng d | ||
| 020 | _a9781593854607 | ||
| 050 |
_aLC 4704 _b.W425 2007 |
||
| 100 | _aWehmeyer,Michael L. | ||
| 245 |
_aPromoting self-determination in students with developmental disabilities / _cMichael L. Wehmeyer. |
||
| 260 |
_aNew York : _bThe Guilford Press, _c2007. |
||
| 300 |
_a206 p. : _c26 cm. |
||
| 521 | _aEDU | ||
| 650 | _aDevelopmental Disabilities. | ||
| 650 | _aChild. | ||
| 650 | _aMentally Disabled Persons. | ||
| 700 | _aAgran, MArytin | ||
| 700 | _aHughes, Carolyn | ||
| 700 | _aMartin, james | ||
| 700 | _aMithaug, Dennis | ||
| 700 | _aPalmer, Susan | ||
| 942 |
_cBK _2lcc _kFOR |
||
| 999 |
_c22731 _d22731 |
||